[Event "CHN-chT 6th"]
[Site "China"]
[Date "2010.04.18"]
[Round "3"]
[White "Motylev, Alexander"]
[Black "Li, Shilong"]
[Result "1-0"]
[WhiteElo "2704"]
[BlackElo "2514"]
[Annotator "Motylev,A"]
[PlyCount "77"]
[EventDate "2010.04.16"]
[EventType "team-tourn"]
[EventRounds "18"]
[EventCountry "CHN"]
[SourceTitle "CBM 139"]
[Source "ChessBase"]
[SourceDate "2010.11.18"]
[SourceVersion "1"]
[SourceVersionDate "2010.11.18"]
[SourceQuality "1"]

{This is the third season I've played in the Chinese Team Chess League and I
have had a lot of interesting experiences. This game is from the first leg of
this year, we played it in April in the city of Ningbo.} 1. e4 c5 2. Nf3 e6 3.
d4 cxd4 4. Nxd4 Nc6 5. Nc3 Qc7 6. Be3 a6 7. Qd2 Nf6 8. O-O-O Bb4 9. f3 O-O 10.
g4 b5 11. g5 Nh5 12. Nde2 $1 {An idea of Andrey Volokitin, who played it in
2007 against Robert Markus. After that only in this year Nadezhda Kosintseva
has played it versus Zhaoqin Peng. My game was only the third. Whitehas scored
100 percent.} f6 {This looks like the main line,} (12... d5 $6 13. exd5 (13. a3
$16) 13... exd5 (13... Rd8 $142) 14. a3 Bxc3 15. Qxc3 Re8 16. Ng3 Nf4 17. Kb1
Ne6 18. Rxd5 Bb7 19. Ne4 $16 {...1-0 Kosintseva,N (2554)-Peng Zhaoqin (2401)/
Rijeka CRO 2010/}) (12... Ne5 13. Ng3 $1) 13. Ng3 Nxg3 14. hxg3 fxg5 15. f4 $1
Rf7 $1 {This move is more flexible than} (15... d6 {that happened in the
Volokitin game. After a tough fight White managed to win. I think that White's
position is quite promising and it's possible to find something even more
energetic.} 16. a3 (16. e5 $5) (16. Bd3 $5) 16... Bc5 (16... gxf4 17. gxf4 Bc5
18. e5 $40) 17. Bxc5 dxc5 18. Qh2 g6 19. e5 Bb7 20. Bg2 b4 21. axb4 Nxb4 22.
Ne4 c4 23. Nf6+ Rxf6 24. exf6 Rb8 25. Rd4 h5 26. Bxb7 Qxb7 27. Rhd1 Na2+ 28.
Kd2 Qf3 29. Ke1 c3 30. b3 Nb4 31. fxg5 Qe3+ 32. Kf1 Qxg5 33. Qf2 Nd5 34. Re4
Nxf6 35. Rxe6 Rf8 36. Rdd6 Kg7 37. Kg2 h4 38. Qf4 h3+ 39. Kxh3 Qb5 40. Rxf6
Qh5+ 41. Kg2 {1-0 Volokitin,A (2681)-Markus,R (2586)/Murska Sobota 2007/}) 16.
Bd3 $5 {This move looks very natural. But also interesting was the immediate
a3, and Bd3 on the next move.} ({Black is ready to meet the direct attack} 16.
Qh2 {by} g6) (16. a3 $5 Ba5 17. Bd3) 16... Bb7 ({The second playable move was} 
16... Ne7 $5 {then after} 17. Rh5 $1 (17. e5 g6) ({doesn't work} 17. Rxh7 $4
Kxh7 18. Rh1+ Kg8 19. Qh2 Kf8 $1) ({but possible is} 17. Qh2 $5 g6 18. Ne2 Bb7
$13) 17... Bb7 18. Rdh1 g6 19. Rh6 $1 gxf4 20. gxf4 {White's attack is very
dangerous.}) 17. a3 $1 {A very strong move. Before starting active play White
is asking - where does the bishop go?} ({The direct} 17. e5 h6 18. Bg6 Rff8 {
doesn't promise too much.}) (17. Rh5 {looks too slow} Na5 $5 18. Qh2 (18. Rxg5
Nc4 19. Bxc4 Qxc4) 18... g6 19. Rxg5 Bxc3 20. Rc5 Bxb2+ 21. Kxb2 Bc6 $13) 17...
Ba5 $1 {After half-an-hour thinking Black reacts in the best way.} (17... Bf8
$2 {would allow the little combination} 18. Rxh7 $3 Kxh7 19. Qh2+ Kg8 20. Rh1
Rf6 (20... Re7 21. e5 $18) 21. fxg5 $18) (17... Be7 $6 {is not good either} 18.
e5 {the simplest way} (18. Rxh7 $5 {is also possible, but much more
complicated than in the event of 17...Bf8} Kxh7 19. Qh2+ Kg8 20. Rh1 Rf6 21.
fxg5 (21. Qh7+ Kf7 22. e5 Nxe5 23. fxe5 Qxe5 24. Qh5+ Kg8 $11) 21... Ne5 22.
Be2 (22. Kb1 $5 $36) 22... Nf7 23. Kb1 (23. Bd4 Nxg5 24. Qh8+ Kf7 25. Qh5+)
23... Kf8 (23... Qe5 24. g6 $5) 24. gxf6 Bxf6 25. Rf1 $16) 18... g6 19. Qh2 ({
not} 19. Bxg6 $2 hxg6 20. Qh2 Rg7 21. Ne4 Nxe5 $1) 19... Nxe5 20. fxe5 Bxh1 21.
Qxh1 $16) (17... Bxc3 {this is possible, but it leaves Black without any
counterplay, and White will slowly break Black's king's flank.} 18. Qxc3 Rc8
19. Kb1 $16) 18. e5 $1 ({Not so clear is} 18. Qh2 $5 g6 (18... h6 {this is too
much} 19. fxg5 Bxc3 20. bxc3 (20. gxh6 Bf6 21. hxg7 Rxg7 22. Rdf1 Qe5) 20...
Ne5 21. gxh6 Qxc3 22. Kb1 Ng4 (22... Qxa3 23. Bc1) 23. Qe2 Nxe3 24. Qxe3 Qxa3
25. hxg7 Rxg7 26. Qh6 $16) 19. e5 Ne7 20. Ne4 Bxe4 21. Bxe4 Rb8 22. Kb1 $14)
18... h6 (18... g6 $2 {is losing -} 19. Bxg6 hxg6 20. Qh2 Rg7 21. Ne4 $18) 19.
Bg6 $1 (19. fxg5 $2 Nxe5) 19... Nd8 $5 (19... Rff8 {an almost forced exchange
of tactical blows that finishes in an endgame with White's advantage.
Objectively it was the best choice for Black.} 20. Bc5 Nxe5 $1 21. Bd6 Nc4 (
21... Bxc3 22. bxc3 Nc4 23. Bxc7 Nxd2 24. Kxd2 Bxh1 25. Rxh1 $16) 22. Bxc7 Nxd2
23. Bxa5 Nc4 24. Bb4 Bxh1 25. Rxh1 d6 (25... gxf4 26. Bxf8 Rxf8 27. gxf4 Rxf4
28. Re1 $14) 26. Ne2 $5 (26. Bd3 a5 27. Bxc4 axb4 28. Bxe6+ Kh7 29. Nxb5 gxf4 (
29... bxa3 30. Nxa3 gxf4 31. gxf4 Rxf4 32. Bd5 $16) 30. gxf4 Rxf4 31. c4 $14)
26... a5 27. Be1 b4 $14 28. axb4 $5 axb4 29. Kb1 gxf4 30. gxf4) 20. fxg5 $1 {
Preferring to give up exchange rather than to have an extra one!} ({Taking the
rook immediately doesn't look so good -} 20. Bxf7+ Nxf7 21. Rhf1 (21. Rh2 Bxc3
22. bxc3 Bf3 23. Re1 g4) 21... gxf4 22. gxf4 Bxc3 23. Qxc3 Qxc3 24. bxc3 Bc6
$13) ({Trickier is} 20. Rh2 $5 Bxc3 21. bxc3 $1 (21. Qxc3 Qxc3 22. bxc3 Bd5 23.
Bxf7+ Nxf7 $13) 21... gxf4 (21... Bf3 22. Re1 g4 23. f5 $1 $40) 22. gxf4 Rc8
23. Bxf7+ Nxf7 24. Bd4 Be4 $1 25. Rg1 Kh7 $14 {White is better, but it's very
difficult to break Black's defence.}) 20... Bxc3 ({In the event of} 20... Bxh1
21. Rxh1 Qc6 (21... Qxe5 22. gxh6) {White has the strong move} 22. Qe1 $1 {
White is defending all pieces for the moment, and soon will get to the black
king, for example -} Bxc3 23. bxc3 Rc8 24. Kb2 Rf8 25. gxh6 Nf7 26. hxg7 Kxg7
27. Be4 $1 $18) 21. bxc3 Bxh1 22. Rxh1 Qxe5 {Black chooses to die by the sword.
} (22... Qb7 23. Qe1 $1) (22... Qc6 23. Qe1 $1) (22... Rc8 23. Bd4 Qc4 24. Kb2
Rf1 25. Rh4 $18) 23. gxh6 $1 Qf6 $8 24. Bxf7+ {The simple approach. I couldn't
find the win here and decided to go the way with the clear advantage.} ({
The tempting} 24. hxg7 {was not so clear:} Rxg7 $1 (24... Qxg6 25. Rh8+ Kxg7
26. Bd4+ Rf6 27. Qh2 $1 e5 $1 28. Bxe5 Kf7 29. Bxf6 Qxf6 30. Qh7+ Ke6 31. Rg8
$1 Qf1+ 32. Kb2 Kd6 33. Qh8 $1 $16) 25. Be4 Rc8 26. Kb2 Nf7 27. Bd4 Qg5 $13) ({
Best was the computer-like} 24. Qd3 $1 Rc8 (24... gxh6 25. Kb2 $18) 25. hxg7
Rxg7 26. Bh7+ Kh8 $8 27. Rf1 Qe7 (27... Qxf1+ 28. Qxf1 Kxh7 29. Qd3+ Kg8 30.
Bh6 $18) 28. Bd4 e5 29. Bxe5 {and White is winning}) 24... Nxf7 25. hxg7 d6 $1
{The best defence.} ({Worse is} 25... d5 26. Rh4 $1 {one more key-square} Re8 (
26... Qxg7 27. Qe2) 27. Qd3 $1 Qxg7 28. Qe2 Ne5 (28... Qe5 29. Rg4+ $18) 29.
Qh5 Rf8 30. Bd4 Nc4 31. Kd1 e5 32. Rg4 $18) (25... Qxg7 26. Qxd7 $18) 26. Qg2
$1 Rc8 $2 {In a time-trouble Black can't stand the pressure. But the postion
was too difficult to hold.} (26... Rd8 27. Rh4 $1 Kxg7 (27... Qxg7 28. Qh3 $18)
(27... Qf5 28. Rf4 Qg6 29. Bb6 Rc8 30. Qb7 $18) 28. Rf4 Qg6 29. Qf3 $18) (26...
Rb8 27. Rh4 $1 e5 (27... Kxg7 28. Rf4 Qg6 29. Qf3 $18) (27... Qf5 28. Qh1 $1
$18) 28. Qh3 Kxg7 29. Rg4+ Kf8 30. Qh7 $18) 27. Bd4 e5 28. Qh3 $1 Qh6+ 29. Qxh6
Nxh6 30. Rxh6 Kxg7 31. Rxd6 {The easiest.} (31. Be3 Rxc3 32. Bd2 Rxg3 $18)
31... exd4 32. cxd4 Ra8 33. Kb2 Kf7 34. Rb6 Ke7 35. Kb3 Kd7 36. Kb4 Rc8 37. c3
a5+ 38. Kb3 a4+ 39. Kc2 {A very tough and high-quality game on both sides.} 1-0

[Event "CHN-ch"]
[Site "Beijing"]
[Date "2008.06.04"]
[Round "7"]
[White "Ni, Hua"]
[Black "Li, Chao B"]
[Result "1-0"]
[WhiteElo "2704"]
[BlackElo "2582"]
[PlyCount "53"]
[EventDate "2008.05.29"]
[EventType "tourn"]
[EventRounds "11"]
[EventCountry "CHN"]
[EventCategory "12"]
[SourceTitle "CBM 125"]
[Source "ChessBase"]
[SourceDate "2008.07.30"]
[SourceVersion "1"]
[SourceVersionDate "2008.07.30"]
[SourceQuality "1"]

1. e4 c5 2. Nf3 d6 3. d4 cxd4 4. Nxd4 Nf6 5. Nc3 g6 6. Be3 Bg7 7. f3 O-O 8. Qd2
Nc6 9. O-O-O d5 10. exd5 Nxd5 11. Nxc6 bxc6 12. Nxd5 cxd5 13. Qxd5 Qc7 14. Qc5
Qb8 15. b3 Be6 16. Ba6 Qb6 17. Bd3 Rfc8 18. Qxc8+ Rxc8 19. Bxb6 axb6 20. Rhe1
Bc3 21. Re3 Rc7 22. Bc4 Bf6 23. Bxe6 Bg5 24. Bxf7+ Kg7 25. Rde1 Bxe3+ 26. Rxe3
Kxf7 27. a4 1-0

[Event "Smyslov Region Group Cup"]
[Site "Moscow RUS"]
[Date "2021.08.16"]
[Round "12.6"]
[White "Alekseenko, K."]
[Black "Rakhmanov, Ale"]
[Result "1-0"]
[WhiteElo "2703"]
[BlackElo "2653"]
[PlyCount "103"]
[EventDate "2021.08.16"]
[EventType "swiss (blitz)"]
[EventRounds "14"]
[EventCountry "RUS"]
[SourceTitle "The Week in Chess 1397"]
[Source "Mark Crowther"]
[SourceDate "2021.08.16"]
[SourceVersion "2"]
[SourceVersionDate "2021.08.17"]
[SourceQuality "2"]

1. e4 e5 2. Bc4 Nf6 3. d3 c6 4. Nf3 d5 5. Bb3 a5 6. a4 Bd6 7. Nc3 d4 8. Ne2 c5
9. Ng3 Nc6 10. O-O O-O 11. Nh4 g6 12. Bg5 Be7 13. f4 Ng4 14. Qd2 exf4 15. Bxe7
Qxe7 16. Qxf4 Qxh4 17. h3 g5 18. Bxf7+ Kh8 19. Qd6 Qh6 20. Qxc5 Nge5 21. Rf6
Nd7 22. Rxh6 Nxc5 23. Bd5 Ne7 24. Bc4 Ng6 25. Rh5 Ne6 26. Nf5 Ngf4 27. Rh6 Ng7
28. Nd6 Be6 29. b3 Bxc4 30. bxc4 b6 31. Rb1 Nge6 32. Rxb6 Rab8 33. Rb5 Rbd8 34.
Nf5 Ng6 35. Rxa5 Ng7 36. Ra7 Rg8 37. a5 Ra8 38. Rb7 Rxa5 39. Nd6 Rf8 40. Kh2
Ra2 41. Rb6 Rxc2 42. Nf5 Kg8 43. Nxd4 Rd2 44. Rb3 Rff2 45. Rb8+ Kf7 46. Rb7+
Ne7 47. Kg3 Rxg2+ 48. Kf3 Rh2 49. Ke3 Rd1 50. Nc6 Re1+ 51. Kd4 Ne6+ 52. Ke5 1-0

[Event "European Blitz 2018"]
[Site "Skopje MKD"]
[Date "2018.12.07"]
[Round "18.7"]
[White "Mamedov, Rau"]
[Black "Erdos, V."]
[Result "1-0"]
[WhiteElo "2703"]
[BlackElo "2605"]
[PlyCount "54"]
[EventDate "2018.12.06"]
[EventType "swiss (blitz)"]
[EventRounds "22"]
[EventCountry "MKD"]
[SourceTitle "The Week in Chess 1257"]
[Source "Mark Crowther"]
[SourceDate "2018.12.10"]
[SourceVersion "1"]
[SourceVersionDate "2018.12.10"]
[SourceQuality "2"]

1. e4 e5 2. Nf3 Nc6 3. d4 exd4 4. Bc4 Bc5 5. Ng5 Nh6 6. Nxf7 Nxf7 7. Bxf7+ Kxf7
8. Qh5+ g6 9. Qxc5 Re8 10. Qd5+ Re6 11. O-O Nb4 12. Qb3 c5 13. f4 d5 14. a3 Na6
15. f5 Rxe4 16. fxg6+ Kxg6 17. Nd2 Re3 18. c3 d3 19. Nf3 Re2 20. c4 Bf5 21. Bg5
dxc4 22. Qxc4 Qd6 23. Nh4+ Kxg5 24. Rxf5+ Kh6 25. Rd5 Qf6 26. Rd6 Rxg2+ 27.
Kxg2 Rg8+ 1-0

[Event "RUS-CHN Summit 8th Rapid"]
[Site "St Petersburg"]
[Date "2012.07.07"]
[Round "4"]
[White "Vitiugov, Nikita"]
[Black "Wang, Hao"]
[Result "1-0"]
[WhiteElo "2703"]
[BlackElo "2739"]
[PlyCount "75"]
[EventDate "2012.07.07"]
[EventType "team-schev"]
[EventRounds "10"]
[EventCountry "RUS"]
[SourceTitle "CBM 149 Extra"]
[Source "ChessBase"]
[SourceDate "2012.08.24"]
[SourceVersion "1"]
[SourceVersionDate "2012.08.24"]
[SourceQuality "1"]

1. d4 g6 2. e4 d6 3. Nc3 Nf6 4. g3 c6 5. a4 a5 6. Bg2 Na6 7. Nge2 Bg7 8. O-O
Nb4 9. h3 O-O 10. Be3 e5 11. g4 h5 12. g5 Nd7 13. h4 d5 14. exd5 cxd5 15. f4
exf4 16. Nxf4 Nb6 17. Nce2 Re8 18. Bf2 Bf5 19. c3 Nc6 20. Ng3 Bg4 21. Qb3 Ne7
22. Rae1 Qd6 23. Nd3 Nc4 24. Qc2 Nf5 25. Nxf5 Bxf5 26. b3 Bf8 27. Qd1 Nb6 28.
Ne5 Rac8 29. Re3 Nd7 30. Bg3 Nxe5 31. Bxe5 Rxe5 32. Rxe5 Rxc3 33. Rfxf5 gxf5
34. Bxd5 Rg3+ 35. Kf1 Rg4 36. Qf3 Qa3 37. Bxf7+ Kxf7 38. Qxf5+ 1-0

[Event "EU-chT (Men) 18th"]
[Site "Porto Carras"]
[Date "2011.11.06"]
[Round "4.1"]
[White "Laznicka, Viktor"]
[Black "Leko, Peter"]
[Result "1/2-1/2"]
[WhiteElo "2703"]
[BlackElo "2720"]
[PlyCount "44"]
[EventDate "2011.11.03"]
[EventType "team-swiss"]
[EventRounds "9"]
[EventCountry "GRE"]
[SourceTitle "CBM 146"]
[Source "ChessBase"]
[SourceDate "2012.01.18"]
[SourceVersion "1"]
[SourceVersionDate "2012.01.18"]
[SourceQuality "1"]
[WhiteTeam "Czech Republic"]
[BlackTeam "Hungary"]
[WhiteTeamCountry "CZE"]
[BlackTeamCountry "HUN"]

1. d4 Nf6 2. c4 e6 3. Nc3 Bb4 4. Qc2 d5 5. cxd5 exd5 6. Bg5 h6 7. Bh4 c5 8.
dxc5 g5 9. Bg3 Ne4 10. e3 Qa5 11. Nge2 Bf5 12. Be5 O-O 13. Nd4 Re8 14. Bxb8
Nxc3 15. Nxf5 Ne4+ 16. Kd1 Raxb8 17. f3 Rbc8 18. fxe4 dxe4 19. Bc4 Qxc5 20.
Bxf7+ Kxf7 21. Qxc5 Bxc5 22. Rc1 Red8+ 1/2-1/2

[Event "Xtracon Chess Open 2018"]
[Site "Helsingor DEN"]
[Date "2018.07.29"]
[Round "10.1"]
[White "Andreikin, D."]
[Black "Tari, A."]
[Result "1-0"]
[WhiteElo "2702"]
[BlackElo "2615"]
[PlyCount "51"]
[EventDate "2018.07.21"]
[EventType "swiss"]
[EventRounds "10"]
[EventCountry "DEN"]
[SourceTitle "The Week in Chess 1238"]
[Source "Mark Crowther"]
[SourceDate "2018.07.30"]
[SourceVersion "2"]
[SourceVersionDate "2018.07.31"]
[SourceQuality "2"]

1. e4 e5 2. Nf3 Nc6 3. Bb5 a6 4. Ba4 Nf6 5. O-O Be7 6. Re1 b5 7. Bb3 d6 8. c3
O-O 9. d4 Bg4 10. d5 Na5 11. Bc2 c6 12. h3 Bc8 13. dxc6 Qc7 14. Nbd2 Qxc6 15.
Nf1 Nc4 16. Ng3 Re8 17. a4 Nb6 18. axb5 axb5 19. Rxa8 Nxa8 20. Nf5 Bf8 21. Bg5
Nd7 22. Bb3 Nab6 23. N3d4 exd4 24. Bxf7+ Kxf7 25. Qh5+ Kg8 26. Qxe8 1-0

[Event "Montecatini Terme"]
[Site "Montecatini Terme"]
[Date "2000.08.01"]
[Round "5"]
[White "Bareev, Evgeny"]
[Black "Lputian, Smbat G"]
[Result "1-0"]
[WhiteElo "2702"]
[BlackElo "2598"]
[Annotator "Baburin,A"]
[PlyCount "91"]
[EventDate "2000.07.28"]
[EventType "tourn"]
[EventRounds "7"]
[EventCountry "ITA"]
[EventCategory "17"]
[SourceTitle "CBM 079"]
[Source "ChessBase"]
[SourceDate "2000.11.21"]
[SourceVersion "1"]
[SourceVersionDate "2000.11.21"]
[SourceQuality "1"]

1. c4 {Hecht} e6 2. Nc3 d5 3. d4 Nf6 4. cxd5 exd5 5. Bg5 Be7 6. e3 O-O 7. Bd3
Nbd7 8. Nge2 Re8 9. O-O Nf8 10. b4 {Black is trying to save time on the move ..
.c7-c6 (against the setup with f2-f3 he might like to play ...c5 at once), but
White is also saving on the move Qd1-c2. White's last move could be
praparation for the minority attack, as sooner or later Black will play ...
c7-c6. But the text could be also an attempt to gain space on the queenside
before going for the f2-f3 set-up, which is a very popular approach nowadays.}
Bxb4 {This is a very risky idea as Black's pawn structure now gets ruined.} (
10... Ng6 11. b5 Ng4 12. Bxe7 Rxe7 13. Bxg6 hxg6 14. Nf4 c6 15. h3 Nf6 {
Istratescu-Notkin, Bucharest 1997. Here} 16. Rc1 {would have given White a
lasting advantage.}) (10... Ne4 11. Bxe7 Rxe7 12. Qc2 Bf5 13. Nf4 c6 14. Nce2
$5 g5 15. f3 gxf4 16. fxe4 Bxe4 17. Nxf4 Qd6 18. Nh5 Nd7 19. Bxe4 Rxe4 20. Ng3
Rh4 21. Rf3 f6 22. h3 $16 {Lautier-van der Sterren, Germany 2000.}) (10... a6
11. a3 (11. a4 Bxb4 12. Bxf6 gxf6 13. Qb3 Bxc3 14. Nxc3 c6 15. a5 $44 {
Bareev-Nenashev, Luzern 1993.}) 11... c6 12. Qc2 g6 13. f3 Ne6 14. Bh4 Nh5 15.
Bxe7 Rxe7 16. Qd2 b6 $2 17. Rad1 Bb7 18. Bb1 Nhg7 19. e4 Rc8 20. Ba2 Rd7 21.
Nf4 $16 {Kasparov-Short, London 1993.}) 11. Bxf6 gxf6 12. Nxd5 $1 ({Also after
} 12. Qb3 Bxc3 13. Nxc3 c6 14. Qd1 f5 15. Qh5 Qf6 16. Ne2 Ng6 17. Ng3 Nh4 18.
Rae1 {White got a lot of play for a pawn in the game Gutman-Razuvaev, USSR1976}
) 12... Qxd5 13. Qa4 {Compared to the game Bareev-Nenashev, here White has the
a4-square available for him.} Bh3 14. Nf4 Qa5 15. Qxa5 Bxa5 16. Nxh3 {It's
time to access results of the opening. White has restored the material balance
and stands better due to his superior pawn structure. The opposite-squared
bishops do not help Black here, as there are many other pieces on the board.
White's bishop is potentially much more useful in this position.} c5 (16... Ne6
$5 {would be probably better. Black's idea to solve problems by tactical means
backfired in the game:}) 17. dxc5 Ne6 18. Rac1 Rec8 19. Bf5 Rxc5 20. Bxe6 $1 {
Positional advantage comes and goes, but extra material might stay!} ({The line
} 20. Rxc5 $6 Nxc5 21. Rd1 Rd8 {would be a relief for Black.}) 20... Rxc1 21.
Bxf7+ Kxf7 22. Rxc1 {Hecht: '[#] Weißer Mehrbauer, wendiger Springer.
Eigenartigerweise hat der Läufer kaum gute Felder.'} Rd8 (22... b5 {Hecht} 23.
Kf1 Bd8 24. Nf4 a5 25. e4 b4 26. Nd5 Rb8 27. Rc4 Ke6 {gefolgt von f5, ist
vielleicht als aktivere Spielweise vorzuziehen.}) 23. Kf1 Rd2 24. a4 Ra2 25.
Rc4 {Black has certain counterplay, but White's chances are still better,
which means that 16...c5?! did not solve Black's problems.} Ke6 26. Rh4 h5 27.
Nf4+ Kd6 28. Nxh5 Ra1+ 29. Ke2 Ra2+ 30. Kf3 Be1 31. Rd4+ Ke5 (31... Kc6 $142 {
Hecht oder 31...Ke7}) 32. Nf4 Rxf2+ 33. Kg4 f5+ 34. Kg5 Rf1 35. Nd3+ Ke6 36.
Nc5+ Ke5 37. Rf4 Rg1 (37... Rxf4 {Hecht} 38. exf4+ Kd4 39. Nxb7 Kc4 40. Kxf5
Kb4 41. g4 Kxa4 42. g5 Kb5 43. g6 Bc3 44. Ke6 Kc6 45. Nd6 a5 46. f5 a4 47. Ne4
Bb2 48. f6 a3 49. g7 (49. Nd2 {Hecht} a2 50. Nb3 Kb5 51. g7 Kb4 52. g8=Q Kxb3
53. Kf5+ Ka3 54. f7 $18) 49... a2 50. g8=Q a1=Q 51. Qc8+ Kb6 52. Qc5+ Ka6 53.
Qc6+ Ka7 54. Nd6 $18) 38. Rxf5+ Kd6 39. g4 Rh1 40. Nxb7+ Kc6 41. Nd8+ Kd7 42.
Nf7 Rxh2 43. Ne5+ Ke7 44. Nf3 {Hecht: 'Beendet den mit doppeltem Bauerngewinn
versehenen eindrucksvollen Rundlauf des Springers mit dem Übergang in ein
leicht gewonnenes Turmendspiel.'} Re2 45. Nxe1 Rxe1 46. Kg6 1-0

[Event "EU-Cup 18th"]
[Site "Kallithea"]
[Date "2002.09.26"]
[Round "5.1"]
[White "Grischuk, Alexander"]
[Black "Adams, Michael"]
[Result "1-0"]
[WhiteElo "2702"]
[BlackElo "2752"]
[Annotator "Huzman,A"]
[PlyCount "85"]
[EventDate "2002.09.22"]
[EventType "team-swiss"]
[EventRounds "7"]
[EventCountry "GRE"]
[SourceTitle "CBM 092"]
[Source "ChessBase"]
[SourceDate "2003.02.06"]
[SourceVersion "1"]
[SourceVersionDate "2003.02.06"]
[SourceQuality "1"]
[WhiteTeam "Paris NAO"]
[BlackTeam "Bosna Sarajevo"]
[WhiteTeamCountry "FRA"]
[BlackTeamCountry "BIH"]

1. e4 e5 2. Nf3 Nf6 3. Nxe5 d6 4. Nf3 Nxe4 5. d4 d5 6. Bd3 Nc6 7. O-O Be7 8. c4
Nb4 9. Be2 O-O 10. Nc3 Bf5 11. a3 Nxc3 12. bxc3 Nc6 13. Re1 Re8 14. Bf4 dxc4
15. Bxc4 Bd6 16. Rxe8+ Qxe8 17. Ng5 Bg6 18. Bxd6 cxd6 19. h4 Qe7 20. Qg4 h6 21.
Nh3 Qe4 $5 (21... Qf6 22. Re1 Bf5 23. Qf3 Kf8 24. Nf4 Bd7 25. g3 Re8 26. Rxe8+
Bxe8 27. Qe4 g5 28. hxg5 Qxg5 29. Bd5 $16 {1-0 Anand,V-Karpov,A/Prague CZE
2002/(59)}) 22. Qg3 (22. Qxe4 Bxe4 23. Re1 Bf5 24. Nf4 Kf8 $11) 22... Na5 (
22... d5 23. Ba2 $5 Rd8 24. Nf4 Ne7 25. Rf1 Nf5 26. Qh2 $16) 23. Ba2 Qd3 24.
Rf1 $1 {White's only way to push a claim for an advantage.} (24. Nf4 Qxg3 25.
fxg3 Bf5 $11) 24... Qxg3 $2 {A strange choice probably paving a way to the
following blunder.} (24... Rd8 25. Nf4 Qxg3 26. fxg3 Bh7 $11) (24... Bf5 25.
Nf4 Qxg3 26. fxg3 Re8 $11) 25. fxg3 Rc8 $2 (25... Rf8 26. Nf4 Bc2 27. Re1 Rc8
28. Re7 Rxc3 29. Re8+ Kh7 30. Bxf7 $36) 26. h5 Bd3 (26... Bxh5 27. Rf5 b6 28.
Rxh5 Rxc3 29. Rf5 Nc4 30. Nf4 $16) 27. Bxf7+ Kf8 28. Rf2 (28. Rf3 Be4 29. Rf4
Ke7 30. Nf2 d5 $132) 28... Ke7 (28... Rxc3 29. Nf4 (29. Rf3 Rc1+ 30. Kh2 Be4
31. Rf4 Ke7 32. Bg8 $16) 29... Rc1+ 30. Kh2 Rf1 31. Rxf1 Bxf1 $11) 29. Bd5 Rf8
$2 (29... Rxc3 30. Rf7+ Kd8 31. Rxg7 Rxa3 32. g4 $16) 30. Nf4 $18 Bh7 (30...
Bf5 31. g4 $18) 31. Ba2 Kd7 32. Ne6 $1 Rxf2 33. Kxf2 Bg8 34. Nf8+ Ke8 35. Bxg8
Kxf8 36. Bd5 Ke7 37. Ke3 Kf6 38. Kf4 Nc6 (38... g5+ 39. Ke4 $18) 39. Bxc6 bxc6
40. c4 Ke6 41. g4 Kf6 42. g5+ hxg5+ 43. Kg4 (43. Kg4 a6 44. a4 a5 45. g3 $18)
1-0

[Event "Liepajas Rokade"]
[Site "Liepaja"]
[Date "2015.08.09"]
[Round "5"]
[White "Kovalenko, Igor"]
[Black "Azmaiparashvili, Zurab"]
[Result "1-0"]
[WhiteElo "2702"]
[BlackElo "2637"]
[PlyCount "51"]
[EventDate "2015.08.08"]
[EventType "tourn (rapid)"]
[EventRounds "7"]
[EventCountry "LAT"]
[EventCategory "15"]
[SourceTitle "CBM 167 Extra"]
[Source "ChessBase"]
[SourceDate "2015.09.14"]
[SourceVersion "1"]
[SourceVersionDate "2015.09.14"]
[SourceQuality "1"]

1. e4 d6 2. d4 g6 3. c3 Bg7 4. Nf3 Nc6 5. Bg5 d5 6. exd5 Qxd5 7. Nbd2 Bg4 8.
Bc4 Qd7 9. O-O Nf6 10. Qb3 O-O 11. Ne5 Qf5 12. Bxf6 Bxf6 13. Bxf7+ Kg7 14. Nxg4
Qxg4 15. Be6 Qf4 16. Rad1 Na5 17. Qd5 b6 18. g3 Qd6 19. b4 Rad8 20. Qe4 Bxd4
21. Nf3 Rxf3 22. Rxd4 Qc6 23. bxa5 Qxe4 24. Rxe4 Rxc3 25. axb6 axb6 26. Rfe1
1-0

[Event "Gibraltar Masters 12th"]
[Site "Caleta"]
[Date "2014.01.28"]
[Round "1"]
[White "Navara, David"]
[Black "Hommerson, Paul"]
[Result "1-0"]
[WhiteElo "2702"]
[BlackElo "2255"]
[PlyCount "55"]
[EventDate "2014.01.28"]
[EventType "swiss"]
[EventRounds "10"]
[EventCountry "ENG"]
[SourceTitle "CBM 159"]
[Source "ChessBase"]
[SourceDate "2014.03.17"]
[SourceVersion "1"]
[SourceVersionDate "2014.03.17"]
[SourceQuality "1"]

1. Nf3 d5 2. c4 dxc4 3. e3 Nf6 4. Bxc4 e6 5. d4 c5 6. Qe2 cxd4 7. exd4 Be7 8.
O-O O-O 9. Nc3 Nbd7 10. Rd1 Nb6 11. Bb3 Bd7 12. Ne5 Bc6 13. Rd3 Nbd5 14. Rg3
Nxc3 15. bxc3 Be4 16. c4 Bf5 17. Bb2 Ne4 18. Re3 Nd6 19. c5 Ne8 20. g4 Bg6 21.
Nxg6 hxg6 22. d5 Bxc5 23. dxe6 Bxe3 24. Qxe3 fxe6 25. Bxe6+ Rf7 26. Bxf7+ Kxf7
27. Qb3+ Kf8 28. Ba3+ 1-0